[Event "4th HD Bank Cup 2014"]
[Site "Ho Chi Minh City VIE"]
[Date "2014.03.14"]
[Round "8.11"]
[White "Yap, Kim Steven"]
[Black "Yeoh, Li Tian"]
[Result "1-0"]
[WhiteTitle "IM"]
[WhiteElo "2407"]
[BlackElo "2320"]
[WhiteFideId "5202809"]
[BlackFideId "5702895"]
[EventDate "2014.03.10"]

1. e4 c6 2. d4 d5 3. e5 Bf5 4. g4 Be4 5. f3 Bg6 6. Be3 e6 7. Ne2 f6 8. Nf4 Bf7
9. Nd3 Nd7 10. f4 Qc7 11. Nc3 Ne7 12. Qf3 Nc8 13. O-O-O f5 14. gxf5 exf5 15. h4
h5 16. Rg1 Ne7 17. Kb1 g6 18. Na4 b6 19. b3 Bh6 20. Bc1 Nf8 21. Nf2 Ne6 22. Nh3
b5 23. Nc5 a5 24. Nxe6 Bxe6 25. Ba3 b4 26. Bb2 Kf7 27. c4 Rhd8 28. Be2 a4 29. c5
Rg8 30. Rg3 Rg7 31. Rdg1 Qd8 32. Qg2 Qh8 33. Bf3 Rgg8 34. Qe2 Ke8 35. Qd2 axb3
36. axb3 Rb8 37. Kc2 Kd7 38. Ra1 Rb7 39. Ra4 Rgb8 40. Be2 Qd8 41. Rg1 Ke8 42.
Qe1 Kf7 43. Qd1 Qh8 44. Bc1 Ke8 45. Bd2 Kd7 46. Qe1 Ra8 47. Bxb4 Qb8 48. Bc3
Rxb3 49. Rxa8 Rxc3+ 50. Qxc3 Qxa8 51. Ra1 Qd8 52. Qb4 Nc8 53. Ra8 Qxh4 54. Qb7+
Kd8 55. Qxc6 Qe1 56. Qd6+ Bd7 57. Rxc8+ Kxc8 58. Ba6+ Kd8 59. c6 Qe4+ 60. Bd3 1-0

[Event "4th HD Bank Cup 2014"]
[Site "Ho Chi Minh City VIE"]
[Date "2014.03.14"]
[Round "8.12"]
[White "Kashlinskaya, Alina"]
[Black "Tran, Quoc Dung"]
[Result "0-1"]
[WhiteTitle "WGM"]
[WhiteElo "2440"]
[BlackElo "2270"]
[WhiteFideId "4198026"]
[BlackFideId "12400645"]
[EventDate "2014.03.10"]

1. d4 Nf6 2. c4 g6 3. Nf3 Bg7 4. g3 d6 5. Nc3 O-O 6. Bg2 Nbd7 7. O-O e5 8. e4 c6
9. h3 a6 10. Be3 Re8 11. Qc2 b5 12. Rad1 Qe7 13. a3 Bb7 14. c5 exd4 15. cxd6
Qxd6 16. Bxd4 Qc7 17. e5 c5 18. Nxb5 axb5 19. exf6 Bxf6 20. Bxf6 Nxf6 21. Rfe1
Rxe1+ 22. Rxe1 Rd8 23. Qb3 Bc6 24. Qc3 Qd6 25. Qe5 Qxe5 26. Rxe5 Rd1+ 27. Ne1
Be4 28. Kf1 Bd3+ 29. Kg1 Ne4 30. Kh2 Rxe1 31. f3 Re2 32. fxe4 f6 0-1

[Event "4th HD Bank Cup 2014"]
[Site "Ho Chi Minh City VIE"]
[Date "2014.03.14"]
[Round "8.13"]
[White "Shyam, Nikil P."]
[Black "Nguyen, Hoang Nam"]
[Result "1-0"]
[WhiteTitle "IM"]
[BlackTitle "CM"]
[WhiteElo "2431"]
[BlackElo "2281"]
[WhiteFideId "5024218"]
[BlackFideId "12402133"]
[EventDate "2014.03.10"]

1. e4 c6 2. d4 d5 3. e5 c5 4. dxc5 e6 5. Nf3 Bxc5 6. Bd3 Ne7 7. O-O Nbc6 8. a3
Ng6 9. Re1 Qc7 10. b4 Bb6 11. Bb2 Bd7 12. Nbd2 O-O 13. Rc1 a5 14. b5 Na7 15. a4
Rad8 16. c4 Nf4 17. Bb1 Bc5 18. cxd5 b6 19. d6 Qb8 20. Nb3 Bb4 21. Re4 Ng6 22.
h4 Rfe8 23. h5 Nf8 24. Rf4 Rc8 25. Ng5 Rxc1 26. Bxc1 Rc8 27. Nxf7 Rc3 28. Bb2
Qc8 29. Bxc3 Qxc3 30. Nh6+ 1-0

[Event "4th HD Bank Cup 2014"]
[Site "Ho Chi Minh City VIE"]
[Date "2014.03.14"]
[Round "8.14"]
[White "Le, Hoang Tran Chau"]
[Black "Wynn Zaw Htun"]
[Result "0-1"]
[WhiteTitle "WFM"]
[BlackTitle "IM"]
[WhiteElo "2124"]
[BlackElo "2408"]
[WhiteFideId "12401854"]
[BlackFideId "13002783"]
[EventDate "2014.03.10"]

1. d4 Nf6 2. Nf3 g6 3. g3 Bg7 4. Bg2 d6 5. O-O O-O 6. c4 Nbd7 7. Nc3 e5 8. e4 c6
9. h3 Qb6 10. d5 cxd5 11. Nxd5 Nxd5 12. cxd5 Nc5 13. Nd2 f5 14. h4 Bd7 15. a4 a5
16. b3 Rac8 17. Ba3 Bh6 18. Nc4 Qa6 19. Bxc5 Rxc5 20. Re1 Rf6 21. Ra2 Qa7 22.
Qa1 Rc8 23. Qc3 b6 24. Kh2 f4 25. Bf3 fxg3+ 26. fxg3 Qc7 27. Bg2 Qc5 28. Rf1
Rxf1 29. Bxf1 Rf8 30. Qe1 Rf3 31. Rb2 Qd4 32. Bg2 Rc3 33. Qf2 Qxf2 34. Rxf2 Rxb3
35. Nxd6 Bf8 36. Nc4 Bc5 37. Rf1 Bxa4 38. Nxe5 Bb5 39. Rf3 a4 40. Bh3 Rxf3 41.
Nxf3 a3 42. Be6+ Kg7 43. d6 Bxd6 44. e5 Bxe5 45. Ba2 Bc3 46. Ng5 Bd3 47. Ne6+
Kf6 48. Nf4 Be4 49. Ne2 Bb2 50. g4 Ke5 51. Kg3 Bd5 0-1

[Event "4th HD Bank Cup 2014"]
[Site "Ho Chi Minh City VIE"]
[Date "2014.03.14"]
[Round "8.15"]
[White "Bersamina, Paulo"]
[Black "Tin, Jingyao"]
[Result "1/2-1/2"]
[WhiteTitle "FM"]
[BlackTitle "FM"]
[WhiteElo "2326"]
[BlackElo "2225"]
[WhiteFideId "5206995"]
[BlackFideId "5804418"]
[EventDate "2014.03.10"]

1. e4 e5 2. Nf3 Nc6 3. Bb5 a6 4. Bxc6 dxc6 5. d4 exd4 6. Qxd4 Qxd4 7. Nxd4 Bd7
8. Be3 O-O-O 9. Nd2 c5 10. Ne2 b6 11. f3 g6 12. Kf2 Bg7 13. c3 Ne7 14. h4 Nc6
15. Bg5 f6 16. Bf4 Be6 17. Rhd1 Ne5 18. Bxe5 fxe5 19. b3 Rd3 20. Nf1 Rhd8 21.
Rxd3 Rxd3 22. c4 Bf6 23. g3 b5 24. Rc1 bxc4 25. bxc4 c6 26. Rc2 h5 27. Ne3 Bg7
28. Nc1 Ra3 29. Nb3 Bh6 30. Nf1 Ra4 31. Nfd2 Bxd2 32. Nxd2 Kc7 33. Ke2 Kb6 34.
Kd3 Ra3+ 35. Ke2 a5 36. Rb2+ Ka6 37. Kd1 a4 38. Kc2 Ka7 39. Kd1 Re3 40. Kc2 Bh3
41. f4 exf4 42. gxf4 Bg2 43. f5 Bxe4+ 44. Nxe4 Rxe4 45. fxg6 Rg4 46. Kd3 Rg3+
47. Ke4 Rxg6 48. Ke5 Rg4 49. Kd6 Rxc4 50. Kxc6 Rxh4 51. Rb7+ Ka8 52. Rh7 Rb4 53.
Kxc5 1/2-1/2

[Event "4th HD Bank Cup 2014"]
[Site "Ho Chi Minh City VIE"]
[Date "2014.03.14"]
[Round "8.16"]
[White "Tran, Thanh Tu"]
[Black "Muminova, Nafisa"]
[Result "1/2-1/2"]
[WhiteTitle "CM"]
[BlackTitle "WGM"]
[WhiteElo "2277"]
[BlackElo "2322"]
[WhiteFideId "12401404"]
[BlackFideId "14201526"]
[EventDate "2014.03.10"]

1. Nf3 d5 2. g3 Bg4 3. Bg2 c6 4. b3 Nd7 5. Bb2 Ngf6 6. O-O e6 7. c4 Bd6 8. d4
O-O 9. Nbd2 Bh5 10. Ne5 Qc7 11. Nd3 Rfe8 12. Nf3 Rad8 13. Rc1 Qb8 14. Qc2 Bg6
15. c5 Bc7 16. b4 e5 17. dxe5 Nxe5 18. Nh4 Be4 19. f3 Bg6 20. Nxg6 hxg6 21. Bd4
Nc4 22. Rf2 Re7 23. Qc3 Rde8 24. Re1 a5 25. a3 Ne3 26. Bh3 Kh7 27. Bxf6 gxf6 28.
Qxf6 Nc2 29. Ref1 Be5 30. Nxe5 Qxe5 31. Qh4+ Kg7 32. f4 Qf6 33. Qxf6+ Kxf6 34.
e4 Nxa3 35. e5+ Kg7 36. bxa5 Nc4 37. Ra1 f6 38. exf6+ Kxf6 39. a6 Ra8 40. Rfa2
b6 41. cxb6 Nxb6 42. Rb1 Nc4 43. Rb7 Rxa6 44. Rxa6 Rxb7 45. Rxc6+ Kg7 46. Be6
Rb1+ 47. Kf2 Rb2+ 48. Kf3 Rxh2 49. Bxd5 Nd2+ 50. Kg4 Nf1 51. Be4 Rh6 52. Rc7+
Kf6 53. Rc6+ Kg7 54. Kf3 Nd2+ 55. Ke3 Nxe4 56. Kxe4 Rh1 57. Rc3 Ra1 1/2-1/2

[Event "4th HD Bank Cup 2014"]
[Site "Ho Chi Minh City VIE"]
[Date "2014.03.14"]
[Round "8.17"]
[White "Vo, Dai Hoai Duc"]
[Black "Hoang, Canh Huan"]
[Result "1/2-1/2"]
[BlackTitle "FM"]
[WhiteElo "2187"]
[BlackElo "2321"]
[WhiteFideId "12400033"]
[BlackFideId "12400599"]
[EventDate "2014.03.10"]

1. d4 c5 2. d5 g6 3. e4 Bg7 4. Nc3 d6 5. Nf3 Nf6 6. Nd2 O-O 7. Be2 Na6 8. O-O
Nc7 9. a4 b6 10. Nc4 Ba6 11. Ne3 Bxe2 12. Qxe2 Re8 13. Qd3 a6 14. f4 Nd7 15. Kh1
Qb8 16. Nc4 b5 17. Na5 c4 18. Qf3 Qc8 19. Nc6 Nb8 20. Na5 Nd7 21. Nc6 Nb8 22.
Na5 Nd7 1/2-1/2

[Event "4th HD Bank Cup 2014"]
[Site "Ho Chi Minh City VIE"]
[Date "2014.03.14"]
[Round "8.18"]
[White "Vo, Thanh Ninh"]
[Black "Nguyen, Anh Khoi"]
[Result "1-0"]
[BlackTitle "FM"]
[WhiteElo "2299"]
[BlackElo "2147"]
[WhiteFideId "12402141"]
[BlackFideId "12404675"]
[EventDate "2014.03.10"]

1. c4 Nf6 2. g3 g6 3. Bg2 Bg7 4. Nc3 O-O 5. e4 e5 6. Nge2 d6 7. O-O Nc6 8. d3
Be6 9. h3 Qd7 10. Kh2 Ne8 11. f4 f5 12. exf5 gxf5 13. Be3 Kh8 14. Qd2 Nf6 15.
Rae1 Rae8 16. b3 Nd8 17. fxe5 dxe5 18. d4 e4 19. d5 Bg8 20. Nd4 Nh5 21. Qd1 c5
22. dxc6 Nxc6 23. Qxh5 Bxd4 24. Rd1 Qg7 25. Bh6 Qf7 26. Qxf7 Rxf7 27. Nb5 Be5
28. Nd6 Bxd6 29. Rxd6 Ne5 30. Be3 Kg7 31. Bxa7 Rd7 32. Rxd7+ Nxd7 33. Rd1 Be6
34. Bd4+ Kg6 35. Kg1 Rd8 36. Be3 Ra8 37. a4 Ne5 38. Rd6 Kf7 39. Bf4 Nc6 40. Bf1
Ke7 41. Rd2 Na5 42. Rb2 Kf7 43. Be2 Nc6 44. Rd2 Ne7 45. Kf2 Ng6 46. Ke3 Ra6 47.
Rd8 Rb6 48. Bd1 Rc6 49. Bd6 h6 1-0

[Event "4th HD Bank Cup 2014"]
[Site "Ho Chi Minh City VIE"]
[Date "2014.03.14"]
[Round "8.19"]
[White "Tu, Hoang Thai"]
[Black "Tu, Hoang Thong"]
[Result "0-1"]
[WhiteTitle "IM"]
[BlackTitle "GM"]
[WhiteElo "2250"]
[BlackElo "2434"]
[WhiteFideId "12400351"]
[BlackFideId "12400076"]
[EventDate "2014.03.10"]

1. c4 b6 2. Nc3 Bb7 3. Nf3 e6 4. e3 f5 5. Be2 Nf6 6. O-O Be7 7. d3 O-O 8. Bd2
Qe8 9. Re1 Qg6 10. Rc1 Nc6 11. Bf1 a6 12. a3 Rae8 13. g3 e5 14. Qe2 e4 15. dxe4
fxe4 16. Nd4 Ne5 17. Red1 Nfg4 18. Be1 Nxh2 19. Kxh2 Ng4+ 20. Kg1 Qh5 21. Bg2
Qh2+ 22. Kf1 Qxg3 23. Rd2 Nxe3+ 0-1

[Event "4th HD Bank Cup 2014"]
[Site "Ho Chi Minh City VIE"]
[Date "2014.03.14"]
[Round "8.20"]
[White "Sukandar, Irine Kharisma"]
[Black "Nguyen, Dang Hong Phuc"]
[Result "1-0"]
[WhiteTitle "WGM"]
[WhiteElo "2343"]
[BlackElo "1870"]
[WhiteFideId "7101937"]
[BlackFideId "12402761"]
[EventDate "2014.03.10"]

1. e4 e6 2. d4 d5 3. Nc3 dxe4 4. Nxe4 Bd7 5. Nf3 Bc6 6. Bd3 Nd7 7. O-O Ngf6 8.
Ned2 Bxf3 9. Qxf3 c6 10. Nc4 Be7 11. c3 Nb6 12. Ne5 Nbd7 13. Re1 O-O 14. Qh3 Re8
15. Bg5 Nf8 16. Re2 Qb6 17. Rae1 Rad8 18. Bc4 Nd5 19. Bc1 Bf6 20. Ng4 Be7 21.
Ne5 Ng6 22. Bd3 c5 23. c4 Nf6 24. Nxg6 hxg6 25. d5 Qd6 26. Bc2 exd5 27. Ba4 dxc4
28. Bxe8 Rxe8 29. Bg5 Rd8 30. Rd2 Qc7 31. Rxd8+ Qxd8 32. Qe3 Bf8 33. Qc3 Qd4 34.
Qxd4 cxd4 35. Bxf6 gxf6 36. Re8 Kg7 37. Rc8 b5 38. Kf1 a5 39. a4 bxa4 40. Rxc4
a3 41. bxa3 Bxa3 42. Rxd4 Bb4 43. Ke2 Kf8 44. Rd7 Kg7 45. h4 f5 46. f3 Bc3 47.
g4 fxg4 48. fxg4 Bf6 49. g5 Bc3 50. Kf3 Bb4 51. Kg4 Kf8 52. h5 gxh5+ 53. Kxh5
Bc5 54. Rc7 Bd6 55. Ra7 Bb4 56. Kh6 Kg8 57. Ra8+ Bf8+ 58. Kh5 Kg7 59. Ra7 a4 60.
g6 a3 61. Rxf7+ Kg8 62. Ra7 Bc5 63. Ra5 Bb4 64. Ra8+ Kg7 65. Ra7+ Kg8 66. Kg5
Bd2+ 67. Kf5 Bc1 68. g7 Kh7 69. Kf6 Bb2+ 70. Kf7 Bxg7 71. Rxa3 1-0

[Event "4th HD Bank Cup 2014"]
[Site "Ho Chi Minh City VIE"]
[Date "2014.03.14"]
[Round "8.21"]
[White "Boricsev, Oleg"]
[Black "Ton, That Nhu Tung"]
[Result "1-0"]
[WhiteTitle "IM"]
[BlackTitle "IM"]
[WhiteElo "2339"]
[BlackElo "2235"]
[WhiteFideId "720500"]
[BlackFideId "12401439"]
[EventDate "2014.03.10"]

1. e4 c5 2. c3 d5 3. exd5 Qxd5 4. d4 Nc6 5. Nf3 Bf5 6. Be3 cxd4 7. cxd4 e6 8.
Nc3 Qa5 9. a3 Nf6 10. Qb3 Qb6 11. Bb5 Qc7 12. Rc1 Bd6 13. d5 exd5 14. Nxd5 Nxd5
15. Qxd5 Bd7 16. O-O a6 17. Qe4+ Kf8 18. Bc4 Re8 19. Qd3 Bg4 20. Bb6 Qb8 21. h3
Bxf3 22. Qxf3 Ne5 23. Qd5 Nxc4 24. Rxc4 h5 25. Be3 g6 26. Re1 h4 27. Re4 Rd8 28.
Qc4 b5 29. Qc3 Rh5 30. Qf6 Kg8 31. Bd4 Bf8 32. Re7 Rh7 33. Rxf7 Rd6 34. Rxf8+
Qxf8 35. Qxf8+ Kxf8 36. Bc5 1-0

[Event "4th HD Bank Cup 2014"]
[Site "Ho Chi Minh City VIE"]
[Date "2014.03.14"]
[Round "8.22"]
[White "Hoang, Thi Bao Tram"]
[Black "Tran, Manh Tien"]
[Result "1-0"]
[WhiteTitle "WGM"]
[WhiteElo "2269"]
[BlackElo "2304"]
[WhiteFideId "12401102"]
[BlackFideId "12401897"]
[EventDate "2014.03.10"]

1. Nf3 Nf6 2. g3 b5 3. Bg2 Bb7 4. a4 b4 5. c3 e6 6. O-O c5 7. d4 d5 8. a5 Na6 9.
Ne5 Nd7 10. Qa4 f6 11. Nd3 Kf7 12. Nd2 Qc7 13. e4 Bd6 14. exd5 exd5 15. cxb4
cxb4 16. Qb3 Qc6 17. Ne4 Be7 18. Nf4 Nc7 19. Be3 Qc4 20. Qxc4 dxc4 21. Rfc1 g5
22. Rxc4 Nb5 23. Nd3 Rab8 24. Ndc5 Nxc5 25. dxc5 Rhc8 26. a6 Bc6 27. Rxb4 Bxe4
28. Bxe4 Bxc5 29. Bxc5 Rxc5 30. Bd3 Ke7 31. Ra5 Nd6 32. Rxc5 Rxb4 33. Rc7+ Ke6
34. Rxa7 Rxb2 35. Rxh7 Ra2 36. Rc7 Ra1+ 37. Kg2 Ra3 38. Be2 Ra2 39. a7 Ra3 40.
Bd3 Kd5 1-0

[Event "4th HD Bank Cup 2014"]
[Site "Ho Chi Minh City VIE"]
[Date "2014.03.14"]
[Round "8.23"]
[White "Le, Kieu Thien Kim"]
[Black "Nitin, S."]
[Result "0-1"]
[WhiteTitle "WIM"]
[BlackTitle "IM"]
[WhiteElo "2199"]
[BlackElo "2378"]
[WhiteFideId "12400572"]
[BlackFideId "5018277"]
[EventDate "2014.03.10"]

1. d4 Nf6 2. Bf4 g6 3. e3 Bg7 4. Be2 d6 5. h3 O-O 6. c3 Nbd7 7. Nf3 b6 8. a4 a5
9. Nbd2 Bb7 10. O-O Qe8 11. Bb5 e6 12. Qb1 Qe7 13. Rd1 e5 14. dxe5 dxe5 15. Bg5
Nc5 16. b4 axb4 17. cxb4 Na6 18. Ne4 Bxe4 19. Qxe4 Qxb4 20. Qxb4 Nxb4 21. Rab1
c5 22. Bxf6 Bxf6 23. Rd6 Bd8 24. Rd7 Bf6 25. Nd2 Rad8 26. Ne4 Bh4 27. Rbd1 Rxd7
28. Rxd7 Rd8 29. Rb7 f5 30. Nc3 Rd6 31. g3 Bd8 32. Kg2 Rd2 33. h4 e4 34. h5 gxh5
35. Bc4+ Kh8 36. Be6 Bf6 37. Nb5 Nd3 38. Kg1 Rd1+ 39. Kh2 Nxf2 40. Bxf5 Rd2 41.
Rxh7+ Kg8 42. Rxh5 c4 43. Be6+ Kg7 44. Bxc4 Ng4+ 45. Kh1 Nxe3 46. Bb3 Nf1 47.
Rd5 Nxg3+ 48. Kg1 Rb2 49. Rd7+ Kh6 50. Bd1 e3 51. Rd6 Ne4 52. Rxb6 Rb1 0-1

[Event "4th HD Bank Cup 2014"]
[Site "Ho Chi Minh City VIE"]
[Date "2014.03.14"]
[Round "8.24"]
[White "Vijayalakshmi, Subbaraman"]
[Black "Pham, Duc Thang"]
[Result "0-1"]
[WhiteTitle "IM"]
[BlackTitle "FM"]
[WhiteElo "2365"]
[BlackElo "2201"]
[WhiteFideId "5004098"]
[BlackFideId "12401420"]
[EventDate "2014.03.10"]

1. Nf3 d5 2. g3 Nf6 3. Bg2 g6 4. d4 Bg7 5. Be3 O-O 6. Qc1 Re8 7. Bh6 Bh8 8. O-O
Nc6 9. Rd1 Bg4 10. c4 dxc4 11. Nc3 Qc8 12. Ng5 Bd7 13. h3 e5 14. d5 Nd4 15. g4
Rb8 16. f4 exf4 17. Qxf4 Nxe2+ 18. Nxe2 Rxe2 19. Bf1 Rxb2 20. Bxc4 b5 21. Bb3
Qb7 22. Rac1 Qb6+ 23. Kh1 Qd6 24. Nxf7 Kxf7 25. Rxc7 Qxf4 26. Bxf4 Rc8 27. d6+
Ke8 28. Re1+ Kd8 29. Be5 Rd2 30. g5 Nh5 31. Bxh8 Rxc7 32. dxc7+ Kxc7 33. Be5+
Kb7 34. h4 Bc6+ 35. Kg1 Bd5 36. Re3 Bxb3 37. axb3 Kc6 38. Bb8 a5 39. Re7 Rd4 40.
Rc7+ Kb6 41. Rxh7 Rxh4 42. Kf2 Rg4 43. Ba7+ Kc6 44. Be3 Rb4 45. Rh6 Rxb3 46.
Rxg6+ Kd5 47. Ra6 a4 48. g6 Rc3 49. Ra7 Rc6 50. Rd7+ Kc4 51. g7 Rg6 52. Rc7+ Kb3
53. Rb7 Kc4 54. Rc7+ Kb3 55. Rb7 Kb4 56. Bd4 a3 57. Ke1 Kc4 58. Be5 b4 59. Bd6
a2 60. Rxb4+ Kc3 0-1

[Event "4th HD Bank Cup 2014"]
[Site "Ho Chi Minh City VIE"]
[Date "2014.03.14"]
[Round "8.25"]
[White "Vo, Thi Kim Phung"]
[Black "Tran, Tuan Minh"]
[Result "0-1"]
[WhiteTitle "WIM"]
[BlackTitle "FM"]
[WhiteElo "2197"]
[BlackElo "2353"]
[WhiteFideId "12401838"]
[BlackFideId "12401820"]
[EventDate "2014.03.10"]

1. d4 Nf6 2. Bf4 e6 3. e3 b6 4. h3 Bb7 5. Nf3 d6 6. Be2 Nbd7 7. O-O h6 8. Nbd2
g5 9. Bg3 Rg8 10. Ne1 h5 11. Bxh5 Nxh5 12. Qxh5 Nf6 13. Qe2 g4 14. hxg4 Nxg4 15.
Nef3 Be7 16. Rfe1 Qd7 17. c4 O-O-O 18. e4 Rg7 19. Nf1 Rh8 20. d5 Bf6 21. Rac1
Kb8 22. b4 Rgh7 23. N3h2 Nxh2 24. Bxh2 Be5 25. f4 Bd4+ 26. Kh1 Qd8 27. g3 f5 28.
Red1 e5 29. exf5 exf4 30. Rxd4 fxg3 31. Qf3 gxh2 32. Rg4 Qf6 33. Rc2 Bc8 34. Rf2
Rh3 35. Ng3 Qa1+ 36. Rf1 Qxa2 37. Qf4 b5 38. Rg7 Qxc4 39. Qxc4 bxc4 40. f6 Bb7
41. Rd1 c3 42. f7 Rf8 43. Kg2 Rhh8 44. Rg8 Rhxg8 45. fxg8=Q Rxg8 46. Kxh2 Bxd5
47. Rc1 Rg4 48. Rxc3 Rxb4 49. Nf5 Be4 50. Ne3 a5 51. Kg1 a4 52. Kf2 Kb7 53. Nc4
Bd5 54. Nd2 c5 55. Ke3 Kc6 56. Kd3 Bb3 57. Nb1 d5 58. Kd2 Rh4 59. Na3 Rh2+ 60.
Kc1 c4 61. Kb1 Ra2 62. Nxc4 dxc4 63. Rh3 Rg2 64. Rh6+ Kc5 65. Rh1 Kb4 66. Rf1
Ka3 67. Rc1 c3 68. Rxc3 Rg1+ 69. Rc1 Rxc1+ 70. Kxc1 Ka2 71. Kd2 Kb2 0-1

[Event "4th HD Bank Cup 2014"]
[Site "Ho Chi Minh City VIE"]
[Date "2014.03.14"]
[Round "8.26"]
[White "Emojong, Elijah"]
[Black "Liu, Xiangyi"]
[Result "0-1"]
[WhiteTitle "IM"]
[BlackTitle "FM"]
[WhiteElo "2350"]
[BlackElo "2159"]
[WhiteFideId "10000402"]
[BlackFideId "8605718"]
[EventDate "2014.03.10"]

1. d4 Nf6 2. c4 g6 3. Nc3 d5 4. Nf3 Bg7 5. Qb3 dxc4 6. Qxc4 O-O 7. e4 c6 8. Be2
b5 9. Qb3 a5 10. e5 a4 11. Qd1 Nd5 12. Ng5 f6 13. Nf3 Bg4 14. exf6 exf6 15. O-O
Na6 16. h3 Be6 17. Re1 Qd7 18. Ne4 Ndb4 19. b3 axb3 20. axb3 Bf5 21. Bf1 Rfe8
22. Ng3 Rxe1 23. Nxe1 Be6 24. Nf3 Rd8 25. Bd2 Qd5 26. Ra3 Bf7 27. Ne2 Qf5 28.
Ra5 Bf8 29. Qa1 Nc2 30. Qb2 Nab4 31. Bc3 Bd5 32. Nd2 Nd3 33. Qxc2 Qxf2+ 34. Kh1
Ne1 35. Ne4 Qxf1+ 0-1

[Event "4th HD Bank Cup 2014"]
[Site "Ho Chi Minh City VIE"]
[Date "2014.03.14"]
[Round "8.27"]
[White "Nguyen, Sy Hung"]
[Black "Pham, Le Thao Nguyen"]
[Result "1/2-1/2"]
[BlackTitle "IM"]
[WhiteElo "2131"]
[BlackElo "2349"]
[WhiteFideId "12401374"]
[BlackFideId "12401226"]
[EventDate "2014.03.10"]

1. Nf3 Nf6 2. g3 g6 3. Bg2 Bg7 4. c4 c5 5. Nc3 Nc6 6. O-O O-O 7. d4 cxd4 8. Nxd4
Qb6 9. Nc2 d6 10. h3 Be6 11. Nd5 Bxd5 12. cxd5 Ne5 13. b3 Rfc8 14. Bb2 Ned7 15.
Bd4 Qb5 16. Re1 Ne8 17. Bxg7 Nxg7 18. e4 Rc7 19. Ne3 Rac8 20. h4 Nh5 21. Bh3
Nhf6 22. Nc4 Rd8 23. Qd4 Rc5 24. Bf1 Qb4 25. Re3 Rcc8 26. a3 Qc5 27. Qxc5 Rxc5
28. b4 Rc7 29. Na5 Ne5 30. Bh3 h5 31. Kf1 Nc4 32. Nxc4 Rxc4 33. f3 b6 34. Kf2
Rb8 35. Rb1 Rb7 36. Bf1 Rc2+ 37. Re2 Rbc7 38. Rxc2 Rxc2+ 39. Be2 Nd7 40. Rb3 Kg7
41. Ke3 Ne5 42. f4 Ng4+ 43. Kd3 Ra2 44. Bxg4 hxg4 45. Rc3 b5 46. Kd4 Kf6 47. Re3
Rd2+ 48. Rd3 Rg2 49. Re3 a6 50. Rc3 Rg1 51. Re3 Rd1+ 52. Rd3 Ra1 53. Re3 Ra2 54.
Rd3 Rg2 55. Re3 1/2-1/2

[Event "4th HD Bank Cup 2014"]
[Site "Ho Chi Minh City VIE"]
[Date "2014.03.14"]
[Round "8.28"]
[White "Tran, Ngoc Lan"]
[Black "Pham, Thi Thu Hien"]
[Result "1/2-1/2"]
[WhiteElo "2244"]
[BlackElo "2158"]
[WhiteFideId "12401811"]
[BlackFideId "12402575"]
[EventDate "2014.03.10"]

1. e4 c5 2. Nc3 e5 3. Bc4 d6 4. d3 Nf6 5. f4 Nc6 6. Nf3 Be7 7. O-O O-O 8. a3 a6
9. Nd5 b5 10. Ba2 Bg4 11. h3 Bxf3 12. Qxf3 Rc8 13. Qf2 Nxd5 14. Bxd5 Bf6 15.
fxe5 Bxe5 16. c3 Qe7 17. Be3 Qf6 18. Qd2 Qg6 19. Rf3 Ne7 20. Ba2 Kh8 21. Raf1
Bf6 22. Bb1 Bh4 23. Rf4 Bg5 24. Rg4 Bxe3+ 25. Qxe3 Qe6 26. Qg3 Qe5 27. Qf2 Ng6
28. Qd2 Qe7 29. Rg5 Ne5 30. Rgf5 Rcd8 31. Qf2 Kg8 32. Ba2 Nxd3 33. Rxf7 Rxf7 34.
Qxf7+ Qxf7 35. Bxf7+ Kh8 36. Rd1 Nxb2 37. Rd2 Nc4 38. Bxc4 bxc4 39. Rd5 Rb8 40.
Rxd6 Kg8 41. Rxa6 Rb3 42. Ra5 Rxc3 43. Rxc5 Kf7 44. Kf2 h6 45. a4 Ke6 46. a5 Kd6
47. Rc8 Ke5 48. a6 Ra3 49. Rxc4 Rxa6 50. Kf3 Rf6+ 51. Ke3 Rf1 52. Rc5+ Kd6 53.
Ra5 Ke6 54. Ra6+ Ke7 55. Kd4 Rg1 56. Rg6 Kf7 57. Rg3 Ra1 58. Rc3 Rd1+ 59. Ke5
Rd7 60. Rf3+ Ke7 61. Kf5 Rd2 62. g3 Rd6 63. Ra3 g6+ 64. Ke5 Re6+ 65. Kf4 Kf6 66.
Ra8 g5+ 67. Kf3 Ke5 68. Ra5+ Kf6 69. Ke3 Rb6 70. Ra3 Ke5 71. Rc3 Ra6 72. Rb3 Ke6
73. Kf3 Ke5 74. Rb5+ Kf6 75. Rb3 Ke5 76. Re3 Ra4 77. Kg4 Ra6 78. Re1 Ra3 79. h4
gxh4 80. Kxh4 Ra2 81. Kg4 Rf2 82. Kh5 Rh2+ 83. Kg4 Rf2 84. Re3 Rf1 85. Re2 Rf6
86. Kh3 Rf1 87. Kg2 Rf6 88. Re3 Rf7 89. Rf3 Ra7 90. Rf4 Ra3 91. Rh4 Re3 92. Rh5+
Kxe4 93. Kh3 Ra3 94. Rxh6 Kf5 95. Kh4 Ra4+ 96. Kh5 Rg4 97. Rf6+ Kxf6 98. Kxg4
Kg6 1/2-1/2

[Event "4th HD Bank Cup 2014"]
[Site "Ho Chi Minh City VIE"]
[Date "2014.03.14"]
[Round "8.29"]
[White "Tong, Thai Hung"]
[Black "Hoang, Thi Nhu Y"]
[Result "0-1"]
[BlackTitle "WIM"]
[WhiteElo "2151"]
[BlackElo "2210"]
[WhiteFideId "12403555"]
[BlackFideId "12401455"]
[EventDate "2014.03.10"]

1. d4 d5 2. c4 c6 3. Nf3 Nf6 4. Qb3 g6 5. Nc3 Bg7 6. cxd5 Nxd5 7. e4 Nb6 8. Be3
O-O 9. Rd1 Be6 10. d5 cxd5 11. exd5 Bg4 12. Be2 N8d7 13. O-O Bxf3 14. Bxf3 Qc7
15. Be2 Rfc8 16. Rc1 Bxc3 17. Rxc3 Qd6 18. Rfc1 Rxc3 19. bxc3 Qxd5 20. c4 Qe6
21. Bf3 Ne5 22. Bxb7 Rb8 23. Ba6 Nbd7 24. Qa3 Ng4 25. Bf4 Rb6 26. Bb5 a6 27. Ba4
Qf5 28. Bg3 Qc5 29. Qc3 Ndf6 30. Qf3 Qb4 31. Bb3 Re6 32. Rf1 Qc5 33. h3 Nh6 34.
Bf4 Nf5 35. Qd3 Kg7 36. Bd1 Re4 37. Bg5 Qxc4 38. Qa3 Nd4 39. Be3 Nf5 40. Bb3 Qb5
41. Bc5 Re5 42. Bb4 Qb7 43. Bd1 Nd4 44. Bc3 Rg5 45. g4 Nb5 46. Qb2 Rc5 47. Be5
Qe4 48. Bg3 Nc3 49. Qb6 Rc6 50. Qb2 h6 51. Bc2 Ne2+ 0-1

[Event "4th HD Bank Cup 2014"]
[Site "Ho Chi Minh City VIE"]
[Date "2014.03.14"]
[Round "8.30"]
[White "Tran, Thi Mong Thu"]
[Black "Ivana Maria, Furtado"]
[Result "1/2-1/2"]
[BlackTitle "WIM"]
[WhiteElo "1909"]
[BlackElo "2177"]
[WhiteFideId "12403415"]
[BlackFideId "5048400"]
[EventDate "2014.03.10"]

1. d4 Nf6 2. c4 e6 3. Nc3 Bb4 4. Bd2 d5 5. e3 O-O 6. Nf3 b6 7. a3 Be7 8. Rc1 Bb7
9. Be2 Nbd7 10. O-O c5 11. Ne5 cxd4 12. exd4 Rc8 13. Be3 dxc4 14. Nxc4 Nd5 15.
Nxd5 Bxd5 16. Bd3 Bb7 17. Qe2 Nf6 18. Ne5 Qd5 19. f3 Qd6 20. Bf2 Nh5 21. Be4 Bd5
22. Qd3 f5 23. Bxd5 Qxd5 24. Qa6 Qa8 25. Nd3 Bd6 26. Rfe1 Rxc1 27. Rxc1 Qb8 28.
h3 Bh2+ 29. Kf1 Ng3+ 30. Bxg3 Bxg3 31. Qc4 Qd6 32. Rd1 Qd7 33. Nb4 Rc8 34. Qd3
a5 35. Na2 b5 36. Nc3 b4 37. axb4 axb4 38. Ne2 Bd6 39. Qb3 Kf7 40. Kf2 Qb5 41.
Rd2 Qc4 42. Qxc4 Rxc4 43. b3 Rc7 44. Ke3 Ra7 45. Kd3 Ra1 46. Rc2 g5 47. Kc4 Ra7
48. Nc1 Rc7+ 49. Kd3 Rd7 50. Kc4 Rc7+ 51. Kd3 Rb7 52. Rc8 Bf4 53. Na2 h5 54. Kc4
Bd2 55. Rc5 h4 56. Rb5 Ra7 57. Nxb4 Bxb4 58. Rxb4 Ra2 59. Ra4 Rxg2 60. b4 Rc2+
61. Kd3 Rb2 62. Kc3 Rf2 63. b5 Rxf3+ 64. Kc4 Ke7 65. Ra7+ Kd6 66. Ra6+ Kd7 67.
Ra7+ Kc8 68. Kc5 g4 69. hxg4 fxg4 70. Rh7 h3 71. Rh8+ Kd7 72. Rh7+ Ke8 73. b6
Rb3 74. Rh5 Rb1 75. Kc6 g3 76. Rxh3 g2 77. Rg3 g1=Q 78. Rxg1 Rxg1 79. b7 Rc1+
80. Kd6 Rb1 81. Kc7 Rc1+ 82. Kd6 Rb1 83. Kc7 Ke7 84. b8=Q Rxb8 85. Kxb8 Kd8 86.
Kb7 Kd7 87. Kb8 Kd6 1/2-1/2